Paroles - Naza - Cristalline - Statistiques

Statistiques générales
  • Ce quiz a été pris 12 fois
  • Le résultat moyen est 95 sur 217
Statistiques - réponses
Réponse % Correct
dans
100%
c'est
89%
C'est
89%
chaud
89%
la
89%
la
89%
à
78%
cristalline
78%
Cristalline
78%
le
78%
les
78%
qui
78%
s'allument
78%
tous
78%
y'a
78%
flashs
67%
Attention
56%
attention
56%
bouteilles
56%
quand
56%
vident
56%
arrive
44%
comme
44%
en
44%
on
44%
recharger
44%
se
44%
vitamines
44%
balle
33%
j'suis
33%
Un
33%
Concentré
22%
DM
22%
j'dois
22%
m'a
22%
moi
22%
ton
22%
Akimi
11%
Aller
11%
Après
11%
Bébé
11%
délire
11%
des
11%
Des
11%
que
11%
elle
11%
hey
11%
j'reste
11%
j'tire
11%
Konbini
11%
lit
11%
mais
11%
méchants
11%
mimi
11%
minuit
11%
Oh
11%
oh
11%
pas
11%
relations
11%
retour
11%
son
11%
sur
11%
vu
11%
bang
0%
ca
0%
cité
0%
d'Happy
0%
Disney
0%
doucement
0%
grammes
0%
J'ai
0%
j'ai
0%
j'veux
0%
lendemain
0%
l'oeil
0%
l'sang
0%
Meal
0%
même
0%
mode
0%
m'prendre
0%
peine
0%
plus
0%
poli
0%
porte
0%
pressé
0%
pressing
0%
réel
0%
sans
0%
sommeil
0%
tenace
0%
T'es
0%
t'es
0%
tête
0%
tinié
0%
trois
0%
Aucun quiz correspondant
Distribution des résultats
% des personnes avec chaque résultat
Percentile par nombre de réponses
Votre historique - résultats
Vous n’avez pas pris ce quiz